<?xml version="1.0" encoding="UTF-8"?>
<collection xmlns="http://www.loc.gov/MARC21/slim">
<record>
  <controlfield tag="001">6685</controlfield>
  <controlfield tag="005">20240612103614.0</controlfield>
  <datafield tag="024" ind1="7" ind2=" ">
    <subfield code="a">10.25518/0037-9565.11678</subfield>
    <subfield code="2">DOI</subfield>
  </datafield>
  <datafield tag="037" ind1=" " ind2=" ">
    <subfield code="a">SCART-2024-0053</subfield>
  </datafield>
  <datafield tag="100" ind1=" " ind2=" ">
    <subfield code="a">Sarkar, Mrinmoy</subfield>
  </datafield>
  <datafield tag="245" ind1=" " ind2=" ">
    <subfield code="a">Amplitude Modulation in a δ Scuti star HD 118660</subfield>
  </datafield>
  <datafield tag="260" ind1=" " ind2=" ">
    <subfield code="c">2024</subfield>
  </datafield>
  <datafield tag="520" ind1=" " ind2=" ">
    <subfield code="a">In this paper, we report the detection of amplitude modulation in a δ Scuti star HD118660. We found that the p-mode frequency at 24.3837 d^{−1} varies periodically in amplitude with frequency 0.0558 ± 0.00147 d^{−1}. However, all other modes are stable in both amplitude and phase which is clear evidence of non-conservation of visible pulsation mode energy. We constructed a two-frequency model by superimposing two sinusoïds with frequencies ν_1 = 24.3837 d^{−1} and ν_2 = 24.4420 d^{−1} and corresponding phases φ_1 = 0.5211 rad and φ_2 = 0.9481 rad to mimic the observed variations of amplitude and phase with time. The plausible explanation of the amplitude modulation in HD 118660 is due to beating of two unresolved closed frequencies ν_1 and ν_2.</subfield>
  </datafield>
  <datafield tag="536" ind1=" " ind2=" ">
    <subfield code="a">BL/</subfield>
    <subfield code="c">33/</subfield>
    <subfield code="f">IN12 (BINA)</subfield>
  </datafield>
  <datafield tag="594" ind1=" " ind2=" ">
    <subfield code="a">NO</subfield>
  </datafield>
  <datafield tag="653" ind1="1" ind2=" ">
    <subfield code="a">Stars: individual: HD118660</subfield>
  </datafield>
  <datafield tag="653" ind1="1" ind2=" ">
    <subfield code="a">Stars: amplitude modulation</subfield>
  </datafield>
  <datafield tag="653" ind1="1" ind2=" ">
    <subfield code="a">TESS: δ Scuti pulsator</subfield>
  </datafield>
  <datafield tag="653" ind1="1" ind2=" ">
    <subfield code="a">Chemically peculiar</subfield>
  </datafield>
  <datafield tag="653" ind1="1" ind2=" ">
    <subfield code="a">Stars: oscillations</subfield>
  </datafield>
  <datafield tag="700" ind1=" " ind2=" ">
    <subfield code="a">Joshi, Santosh</subfield>
  </datafield>
  <datafield tag="700" ind1=" " ind2=" ">
    <subfield code="a">De Cat, Peter</subfield>
  </datafield>
  <datafield tag="773" ind1=" " ind2=" ">
    <subfield code="p">Bulletin de la Société Royale des Sciences de Liège</subfield>
    <subfield code="v">93</subfield>
    <subfield code="y">2024</subfield>
    <subfield code="n">2</subfield>
    <subfield code="c">285--293</subfield>
  </datafield>
  <datafield tag="856" ind1="0" ind2=" ">
    <subfield code="f">peter.decat@ksb-orb.be</subfield>
  </datafield>
  <datafield tag="856" ind1="4" ind2=" ">
    <subfield code="s">1524841</subfield>
    <subfield code="u">http://publi2-as.oma.be/record/6685/files/23bina_Poster_Sarakar.pdf</subfield>
  </datafield>
  <datafield tag="856" ind1="4" ind2=" ">
    <subfield code="s">12801</subfield>
    <subfield code="u">http://publi2-as.oma.be/record/6685/files/23bina_Poster_Sarakar.jpg?subformat=icon-180</subfield>
    <subfield code="x">icon-180</subfield>
  </datafield>
  <datafield tag="856" ind1="4" ind2=" ">
    <subfield code="s">29151</subfield>
    <subfield code="u">http://publi2-as.oma.be/record/6685/files/23bina_Poster_Sarakar.gif?subformat=icon</subfield>
    <subfield code="x">icon</subfield>
  </datafield>
  <datafield tag="856" ind1="4" ind2=" ">
    <subfield code="s">363157</subfield>
    <subfield code="u">http://publi2-as.oma.be/record/6685/files/Sarkar2024_BSRSL93_2_285.pdf</subfield>
  </datafield>
  <datafield tag="856" ind1="4" ind2=" ">
    <subfield code="s">2939</subfield>
    <subfield code="u">http://publi2-as.oma.be/record/6685/files/Sarkar2024_BSRSL93_2_285.jpg?subformat=icon-180</subfield>
    <subfield code="x">icon-180</subfield>
  </datafield>
  <datafield tag="856" ind1="4" ind2=" ">
    <subfield code="s">3141</subfield>
    <subfield code="u">http://publi2-as.oma.be/record/6685/files/Sarkar2024_BSRSL93_2_285.gif?subformat=icon</subfield>
    <subfield code="x">icon</subfield>
  </datafield>
  <datafield tag="905" ind1=" " ind2=" ">
    <subfield code="a">published in</subfield>
  </datafield>
  <datafield tag="980" ind1=" " ind2=" ">
    <subfield code="a">REFERD</subfield>
  </datafield>
</record>
</collection>